| 000 | nam a22 7a 4500 | ||
|---|---|---|---|
| 999 |
_c17405 _d17405 |
||
| 008 | 161126b xxu||||| |||| 00| 0 eng d | ||
| 050 | _aND1290 .B33 1967 | ||
| 100 | _aBassford, Wallace | ||
| 245 |
_aPainting the female figure / _cWallace Bassford. |
||
| 260 |
_aNew York : _bReinhold Publishing Corporation, _cc1967. |
||
| 300 |
_a128p. : _bill. ; |
||
| 500 | _aIncludes index. | ||
| 650 | _aFigure painting. | ||
| 650 | _aWomen in art. | ||
| 942 |
_2lcc _cBOOKS _hND1290 .B33 1967 |
||